| 000 | 01445cam a22004097a 4500 | ||
|---|---|---|---|
| 001 | 000090063 | ||
| 003 | CHAP | ||
| 005 | 20220817043850.0 | ||
| 008 | 021028d2001 mx r 00110 spa d | ||
| 010 | _a86532 | ||
| 011 | _a87504 | ||
| 020 | _a9688847682 | ||
| 035 | _a98048 | ||
| 040 | _cCHAP | ||
| 082 | 0 | 4 |
_a338.180972 _bL6 |
| 100 | 0 | 0 |
_aLópez Gámez, Emilio. _967926 |
| 245 | 1 | 0 |
_aPoscampo / _cpor Emilio López Gámez y Federico Ovalle Vaquera. |
| 260 |
_aChapingo,Méx. ; : _bUniversidad Autónoma Chapingo, _c2001. |
||
| 300 |
_a204 p. ; : _bgráfs. |
||
| 590 |
_aBATCH-UPD _b10 _c20130110 _lUCH01 _h1133 |
||
| 590 |
_aBATCH-UPD _b10 _c20130410 _lUCH01 _h0722 |
||
| 590 |
_aBATCH-UPD _b10 _c20130914 _lUCH01 _h1732 |
||
| 590 |
_aCONVERSION _b10 _c20130109 _lUCH01 _h1348 |
||
| 590 |
_aE5995AHE _b05 _c20150220 _lUCH01 _h0843 |
||
| 650 | 1 | 4 |
_aAgricultura _xAspectos económicos. |
| 650 | 1 | 4 |
_aMéxico _xCondiciones rurales. |
| 650 | 1 | 4 |
_aPolítica agrícola _zMéxico. |
| 700 | 0 | 0 |
_aOvalle Vaquera, Federico. _984375 |
| 901 | _aBK | ||
| 905 | _aMayto Villalobos S. | ||
| 942 | _cLIBRO | ||
| 942 | _n0 | ||
| 949 |
_a338.180972 L6 _bBC _cLIBRO _d33724000878732 _eLIBRO _h103084 _i98048 _sb |
||
| 949 |
_a338.180972 l6 _bBC _cLIBRO _d33724000878799 _eLIBRO _fc.2 _h103085 _i98048 _sb |
||
| 949 |
_a338.180972 L6 _bBC _cLIBRO _d33724000878856 _eLIBRO _fc.3 _h103086 _i98048 _si |
||
| 949 |
_a338.180972 L6 _bBC _cUACH _d98048444 _eUACH _fc.4 _h103087 _i98048 _sb |
||
| 999 |
_c86532 _d86532 |
||